00000000nam##2200000za#4500
0019.604010
003CaOODSP
00520260128153019
007cr |||||||||||
008150406|1993||||xxc|||||o    f|0| 0 fre|d
022 |a1488-545X
040 |aCaOODSP|bfre
043 |an-cn---
0861 |aFs97-6/1912F-PDF
1102 |aInstitut Maurice-Lamontagne.
24510|aDescription histologique du développement des ovocytes chez le maquereau bleu (Scomber scombrus L.) du golfe du Saint-Laurent / |h[ressource électronique]|cpar Isabelle l'Auteuil et François Grégoire
260 |aMont-Joli - Québec : |bPêches et Océans Canada. |cc1993.
300 |a30p.|bgraphiques, carte, références, tableaux, photographies
4901 |aRapport technique canadien des sciences halieutiques et aquatiques|x1488-545X|vN° 1912
500 |aLe n° de catalogue (Fs97-6/1912F) et l'ISSN (0706-6570) de l'édition imprimée ont été incorrectement copiés dans l'édition électronique.
546 |a(Abstract in English)
590 |a12-23-Supp|b2012-05-28
7201 |aD'Auteuil, Isabelle
7201 |aGrégoire, François
77508|tHistological description of oocyte development in Atlantic mackerel (Scomber scombrus L.) in the Gulf of St. Lawrence / |w(CaOODSP)9.573871
7760#|tDescription histologique du développement des ovocytes chez le maquereau bleu (Scomber scombrus L.) du golfe du Saint-Laurent / |w(CaOODSP)9.622199
830#0|aRapport technique canadien des sciences halieutiques et aquatiques,|x1488-545X|vN° 1912|w(CaOODSP)9.500867
85640|ahttp://publications.gc.ca|qPDF|s2.04 Mo|uhttps://publications.gc.ca/collections/collection_2012/mpo-dfo/Fs97-6-1912-fra.pdf|yN° 1912